Digital and reversible watermarking techniques / (Record no. 143301)

MARC details
000 -LEADER
fixed length control field 00570nam a22001817a 4500
010 ## - LCCN (DPL NO)
LC control number ENG-119570
020 ## - INTERNATIONAL STANDARD BOOK NUMBER
Terms of availability 895.00
International Standard Book Number 9788189331467
035 ## - SYSTEM CONTROL NUMBER
System control number EN-103102
037 ## - SOURCE OF ACQUISITION
Source of stock number/acquisition DBAD/PUB
082 ## - DEWEY DECIMAL CLASSIFICATION NUMBER
Classification number 005.82
100 ## - MAIN ENTRY--PERSONAL NAME
Personal name Saini, K.K
245 ## - TITLE STATEMENT
Title Digital and reversible watermarking techniques /
Statement of responsibility, etc by K.K.Saini [and] Mehak Saini
260 ## - PUBLICATION, DISTRIBUTION, ETC. (IMPRINT)
Place of publication, distribution, etc Chandigarh
Name of publisher, distributor, etc Enkay Enterprises
Date of publication, distribution, etc 2017
270 ## - ADDRESS
Address SCO 49-51, Basement, Sector 17C
City Chandigarh
Postal code 160017
300 ## - PHYSICAL DESCRIPTION
Extent 143p.:
Dimensions 23cm(Hb)
Other physical details ill.
700 ## - ADDED ENTRY--PERSONAL NAME
Dates associated with a name Saini, Mehak
942 ## - ADDED ENTRY ELEMENTS (KOHA)
Source of classification or shelving scheme Dewey Decimal Classification
Item type English Books
Classification part 005.82
Call number suffix SAI
Holdings
Withdrawn status Lost status Not for loan Collection code Home library Current library Date acquired Source of acquisition Cost, normal purchase price Full call number Barcode Copy number Cost, replacement price Koha item type
      Non-fiction Ashok Vihar Ashok Vihar 11/08/2017 DBAD/PUB 895.00 005.82 SAI EN-103102 1 895.00 English Books

© Delhi Public Library
Hit Counter
free hit counter